000
00232nam a2200085 4500
001
1257641
005
20260217133224.0
245
_a
21 YAŞINDA ÇAĞ AÇIP ÇAĞ KAPAYAN FATİH SULTAN MEHMET
_c
İSMAİL BİLGİN
260
_b
ERDEM ÇOCUK
999
_c
1257641
_d
1257641